Vocabulaire de néerlandais - Statistiques

Statistiques générales
  • Ce quiz a été pris 189 fois
  • Le résultat moyen est 14 sur 109
Statistiques - réponses
Hint Réponse % Correct
l'eau het water
73%
l'oeuf het ei
61%
Faire du jogging joggen
57%
la mer de zee
42%
le pays het land
41%
le verre het glas
38%
le jour de dag
35%
le vélo de fiets
34%
le pain het brood
34%
le train de trein
32%
le poulet de kip
31%
la bière het bier
31%
le bras de arm
30%
la viande het vlees
30%
l'oeil het oog
28%
le ticket het ticket
28%
l'assiette het bord
27%
le jus het sap
27%
l'oreille het oor
26%
le soir 's avonds
26%
la fourchette de vork
24%
la balle de bal
23%
le manteau de jas
23%
la cuiller de lepel
22%
le port de haven
21%
le couteau het mes
20%
l'aide de hulp
19%
la clef de sleutel
19%
la jambe het been
18%
l'herbe het gras
16%
enchanté aangenaam
15%
la taille de maat
15%
le supermarché de supermarkt
15%
le saumon de zalm
15%
l'arrêt de bus de bushalte
14%
le job de baan
13%
la poitrine de borst
13%
le menton de kin
13%
près d'ici (question) dichtbij
13%
il y a du soleil het is zonnig
13%
la crème de room
11%
la tasse het kopje
11%
l'assiette à soupe het soepbord
11%
s'entraîner trainen
11%
la secrétaire de secretaresse
10%
la petite cuiller het lepeltje
10%
l'hôtel de ville het stadhuis
10%
le départ het vertrek
10%
tiède lauw
10%
vérifier checken
9%
l'arrivée de aankomst
9%
le club de fitness de fitnessclub
9%
la crème fraiche de slagroom
9%
la laine de wol
9%
le formulaire het formulier
9%
le coton het katoen
9%
la place het plein
9%
le permis de conduire het rijbewijs
9%
le matin 's ochtends
9%
il y a de la pluie het is regenachtig
7%
l'aéroport het vliegveld
7%
la librairie de boekwinkel
6%
la cuisse de dij
6%
la hanche de heup
6%
il y a du brouillard het is mistig
6%
le rapport het verslag
6%
les panneaux de borden
5%
il y a des nuages het is bewolkt
5%
le costume het kostuum
5%
le bureau de police het politiebureau
5%
le bacon het spek
5%
attendre afwachten
4%
1 1/5 anderhalf
4%
la serviette het servet
4%
la vue het uitzicht
4%
près d'ici (réponse) vlakbij
4%
tourner afslaan
3%
l'expéditeur de afzender
3%
le fleuriste de bloemenwinkel
3%
l'excuse het excuus
3%
la pâtisserie het gebak
3%
il y a des averses het is buiig
3%
la veste het jasje
3%
l'antiquaire de antiquair
2%
le balai de bezem
2%
la cage thoracique de borstkas
2%
l'intestin de darmen
2%
la soie de zijde
2%
le grand magasin het warenhuis
2%
faire des étirements stretchen
2%
l'appencide de blinde darm
1%
le bien-aimé de lieverd
1%
le rayon de chaussure de schoenenafdeling
1%
un supplément de toeslag
1%
les jours ouvrables op werkdagen
1%
vous vous êtes déchiré un muscle u hebt een spier gescheurd
1%
s'offrir zich veroorloven
1%
annulé afgelast
0%
la sortie de afslag
0%
échouer complètement (expr.) de mist ingaan
0%
le taux de change de wisselkoers
0%
la névralgie de zenuwonsteking
0%
le plus proche dichtsbijzijnde
0%
Je veux faire une déclaration de perte ik wil aangifte doen van verlies
0%
moi de même insgelijks
0%
s'amuser ontspannen
0%
consulter overleggen
0%
ravi de faire votre connaissance prettig met u kennis te maken
0%
vous vous êtes fait une élongation d'un muscle u hebt een spier verrekt
0%
Aucun quiz correspondant
Distribution des résultats
% des personnes avec chaque résultat
Percentile par nombre de réponses
Votre historique - résultats
Vous n’avez pas pris ce quiz